| 000 | 01329nam a2200313 4500 | ||
|---|---|---|---|
| 001 | 176363 | ||
| 003 | ES-MaACL | ||
| 005 | 20250821063107.0 | ||
| 008 | 110111s2009 sp | |||||||| | spa d | ||
| 020 | _a978-84-7914-967-3 | ||
| 080 | _a239(02)"03" | ||
| 100 | 0 |
_aJerónimo, _cSanto _966343 |
|
| 245 | 1 | 0 |
_aTratados apologéticos / _cSan Jerónimo ; texto latino, traducción, introducción, notas e índices, Manuel-Antonio Marcos Casquero, Mónica Marcos Celestino. |
| 260 |
_aMadrid : _bBiblioteca de Autores Cristianos, _c2009. |
||
| 300 |
_aCXXXI, 1034 p. ; _c20 cm. |
||
| 490 | 1 |
_aObras completas de San Jerónimo ; _v8 |
|
| 490 | 1 |
_aB.A.C. ; _v685 |
|
| 504 | _aBibliografía: p. CXIII-CXXIII. Índices. | ||
| 505 | 8 | _aAltercatio luciferiani et orthodoxi ; Adversus Helvidium ; Adversus Iovinianum ; Contra Vigilantium ; Contra Iohannenm Hierosolymitanum ; Adversus Rufinum ; Adversus Pelagianos | |
| 546 | _aTexto en español y latín. | ||
| 650 | 0 | 4 |
_aApologética- _vObras anteriores a 1800. _99922 |
| 700 | 1 |
_aMarcos Casquero, Manuel Antonio. _976523 |
|
| 700 | 0 |
_aMarcos Celestino, Mónica. _976524 |
|
| 830 | 0 |
_aObras completas de San Jerónimo ; _v8 _9183043 |
|
| 830 | 0 |
_aB.A.C. ; _v685 _9190010 |
|
| 852 |
_aES-MaACL _jJ-673 |
||
| 999 |
_c176363 _d176363 |
||